Sports Quiz

Random Sports or Hockey Quiz
Score 0/8 Timer 05:00
0 Plays Today
Team % Correct
Nottingham Panthers
94.8%
Sheffield Steelers
92.7%
Cardiff Devils
88.5%
Coventry Blaze
88.5%
Belfast Giants
87.5%
Edinburgh Capitals
81.3%
Hull Stingrays
78.1%
Newcastle Vipers
64.6%
Remove Ads.
Support Sporcle.
Get the best of Sporcle when you Go Orange. This ad-free experience offers more features, more stats, and more fun while also helping to support Sporcle. Thank you for becoming a member.

You're not logged in!

Compare scores with friends on all Sporcle quizzes.
OR
Log In

Show Comments

Extras

Created Oct 1, 2009ReportNominate
Tags:Hockey Quiz, elite, Founded, ice, League, team

Top Quizzes Today


Score Distribution

Your Account Isn't Verified!

In order to create a playlist on Sporcle, you need to verify the email address you used during registration. Go to your Sporcle Settings to finish the process.

Report this User

Report this user for behavior that violates our Community Guidelines.

Details: